| 000 | 01017nam a2200301 i 4500 | ||
|---|---|---|---|
| 001 | 000039104 | ||
| 003 | DO-SdBNP | ||
| 005 | 20240301125231.0 | ||
| 007 | ta | ||
| 008 | 130521s2010 dr ac 000 0 spa d | ||
| 020 | _a9789945427288 | ||
| 040 |
_aDO-SdBNP _bspa _cBNPHU _erda |
||
| 082 | 4 |
_a394.25 _bT266m _222 |
|
| 100 | 1 |
_aTejada Ortiz, Dagoberto, _d1940- _eautor _933526 |
|
| 245 | 1 | 0 |
_aMáscara e identidad : _bimágenes del carnaval dominicano / _cDagoberto Tejada Ortíz. |
| 264 |
_aSanto Domingo : _bEdiciones de Cultura, _c2010. |
||
| 300 |
_a204 páginas : _bilustraciones, retratos. |
||
| 336 |
_2rdacontent _atexto _btxt |
||
| 337 |
_2rdamedia _asin mediación _bn |
||
| 338 |
_2rdacarrier _avolumen _bnc |
||
| 500 | _aIncluye datos biográficos del autor en las solapas | ||
| 504 | _aBibliografía : p. 199-204 | ||
| 590 | _aInventariado, 2018/VM | ||
| 650 | 4 |
_aCarnaval _zRepública Dominicana _9460 |
|
| 650 | 4 |
_aMáscaras _965315 |
|
| 910 | _aValidado. Control de calidad MFF | ||
| 942 |
_2ddc _cLBS1 |
||
| 999 |
_c38594 _d38594 |
||